000 00243nam a22001097a 4500
082 _a150/CHO
100 _aChoudhary,S.K
_981401
245 _aHealth Psychology
260 _aDelhi
_bRupa Publication
_c2018
650 _aPsychology
942 _cBK
999 _c65451
_d65451